000 00354cam a2200133ua 4500
082 _a301
_bILY/MA
100 _aIlyn, M .
_91784
245 _aManusyan Engine Mahasakthanayi /
250 _a1 /
260 _aThiruvananthapuram :
_bPrabhatham Printing & Publishing Co. Pvt. Ltd. ,
_c1966.
300 _a284 ; .
700 1 _aSegal, .
_91785
942 _cBK
999 _c333
_d333